00840nam a22002297a 450000500170000001000150001702000260003203500140005803700090007208200160008110000250009724500750012225000070019726000570020427000980026130000210035970000270038070000260040794200300043399900190046395201280048220250801124824.0 aENG-146303 a9788198436986c699.00 aen-129835 bDBAD a658.872201 aSainy, Monica983590 aDATA DRIVEN MARKETING/cMonica SainybStrategies, Tools & Applications a01 aRaipur, Chhattisgarh, IndiabAditi Publicationc2025 aOpp. New panchajanya vidya mandir, Near Tiranga Chowk, Kushalpur, Raipur, Chhattisgarh, India a199p.c29cm(pbk) aMalewar, Sonali983591 aKudal, Pallavi983592 2ddccENh658.872mSAIe01 c212787d212787 001040708NFICaMbMd2025-08-01eDBADg699.00l0o658.872 SAIpEN-129835r2025-08-01 00:00:00t1v699.00w2025-08-01yEN